Entry Personal Name
Number of records used in: 2
001 - CONTROL NUMBER
003 - CONTROL NUMBER IDENTIFIER
005 - DATE AND TIME OF LATEST TRANSACTION
- control field:
20211210144235.0
008 - FIXED-LENGTH DATA ELEMENTS
- fixed length control field:
001120n| azannaabn |n aaa
010 ## - LIBRARY OF CONGRESS CONTROL NUMBER
- LC control number:
nb 99180444
035 ## - SYSTEM CONTROL NUMBER
- System control number:
(OCoLC)oca05429592
040 ## - CATALOGING SOURCE
- Original cataloging agency:
Uk
- Language of cataloging:
eng
- Description conventions:
rda
- Transcribing agency:
Uk
- Modifying agency:
DNLM
- Modifying agency:
UPB
046 ## - SPECIAL CODED DATES
- Birth date:
1969-04-01
- Source of date scheme:
edtf
100 1# - HEADING--PERSONAL NAME
- Personal name:
Butler, John M.
- Fuller form of name:
(John Marshall),
- Dates associated with a name:
1969-
372 ## - FIELD OF ACTIVITY
- Field of activity:
Forensic sciences
- Field of activity:
DNA fingerprinting
- Source of term:
lcsh
373 ## - ASSOCIATED GROUP
- Associated group:
Brigham Young University
- Source of term:
naf
373 ## - ASSOCIATED GROUP
- Associated group:
University of Virginia
- Source of term:
naf
373 ## - ASSOCIATED GROUP
- Associated group:
National Institute of Standards and Technology (U.S.)
- Source of term:
naf
374 ## - OCCUPATION
- Occupation:
Forensic scientists
- Source of term:
lcsh
375 ## - GENDER
- Gender:
Males
- Source of term:
lcdgt
377 ## - ASSOCIATED LANGUAGE
378 ## - FULLER FORM OF PERSONAL NAME
- Fuller form of personal name:
John Marshall
670 ## - SOURCE DATA FOUND
- Source citation:
Forensic DNA typing, c2001:
- Information found:
t.p. (John M. Butler) BL e-mail sent 28 Feb. 2001
670 ## - SOURCE DATA FOUND
- Source citation:
E-mail from author, 28 Feb. 2001
- Information found:
(John Marshall Butler, born 1 Apr. 1969)
670 ## - SOURCE DATA FOUND
- Source citation:
Advanced topics in forensic DNA typing, 2015:
- Information found:
page xix (John Marshall Butler grew up in the U.S. Midwest and, enjoying science and law, decided to pursue a career in forensic science at an early age; after completing an undergraduate education at Brigham Young University in chemistry, he moved east to pursue graduate studies at the University of Virginia; while a graduate student, he enjoyed the unique opportunity of serving as an FBI Honors Intern and guest researcher for more than two years in the FBI Laboratory's Forensic Science Research Unit; his Ph. D. dissertation research, which was conducted at the FBI Academy in Quantico, Virginia, involved pioneering work in applying capillary electrophoresis to STR typing; after completing his Ph. D. in 1995, Dr. Butler obtained a prestigious National Research Council post-doctoral fellowship to the National Institute of Standards and Technology (NIST); while a postdoc at NIST, he designed and built STRBase, the widely used Short Tandem Repeat Internet Database (STRBase 2014) that contains a wealth of standardized information on STRs used in human identity applications; he worked for several years as a staff scientist and project leader at a California startup company named GeneTrace System developing rapid DNA analysis technologies involving time-of-flight mass spectrometry; in the fall of 1999, he returned to NIST to lead their efforts in human identity testing with funding from the National Institute of Justice; he served as leader of the Applied Genetics Group from 2008 to 2013)
670 ## - SOURCE DATA FOUND
- Source citation:
BYU Religious Studies Center, via WWW, April 4, 2019
- Information found:
(Butler, John M., John M. Butler is a leading expert on DNA typing and a fellow at the National Institute of Standards and Technology; Butler received his bachelor's degree from Brigham Young University and his Ph. D. from the University of Virginia)
- Uniform Resource Identifier:
https://rsc.byu.edu/es/node/4797